| 000 | 00587cam a22002051 4500 | ||
|---|---|---|---|
| 001 | ca 36000230 | ||
| 003 | DLC | ||
| 005 | 20260227111140.0 | ||
| 008 | 790806s1936 mau 000 0 eng | ||
| 010 | _aca 36000230 | ||
| 035 | _a(OCoLC)5242966 | ||
| 040 |
_aDLC _cOCl _dDLC |
||
| 042 | _apremarc | ||
| 050 | 0 | 0 |
_aPN6120.P5 _bL4 |
| 082 | _a812.5 | ||
| 100 | 1 |
_aLevinger, Elma Ehrlich, _d1887- |
|
| 245 | 1 | 0 |
_aIt is time; _ba peace play in one act, _cby Elma Ehrlich Levinger. |
| 260 |
_aBoston, Mass., _aLos Angeles, Cal. _b[Walter H. Baker company, _cc1936] |
||
| 300 |
_a31 p. _c19 cm. |
||
| 999 |
_c18045 _d18045 |
||